NXT North American Champions 2018 - 2024 - Statistics

General Stats
  • This quiz has been taken 112 times
    30 since last reset
  • The average score is 15 of 19
Answer Stats
Last Won No. of Reigns Answer % Correct
2018 1 Adam Cole
96%
2023 2 "Dirty" Dominik Mysterio
96%
2023 1 Dragon Lee
96%
2022 1 Wes Lee
96%
2020 1 Keith Lee
88%
2024 1 Oba Femi
88%
2020 3 Johnny Gargano
84%
2018 1 Ricochet
84%
2023 1 Trick Williams
84%
2022 2 Carmelo Hayes
80%
2020 1 Damian Priest
80%
2019 1 Roderick Strong
80%
2024 1 Tony D'Angelo
80%
2019 1 Velveteen Dream
80%
2021 1 Bronson Reed
72%
2020 1 Leon Ruff
64%
2022 1 Solo Sikoa
64%
2022 1 Cameron Grimes
56%
2021 1 Isaiah "Swerve" Scott
56%
No matching quizzes found
Score Distribution
Percent of People with Each Score
Percentile by Number Answered
Your Score History
You have not taken this quiz since the last reset